Direito ambiental no estado democrático de direito / (Record no. 437)

MARC details
000 -LÍDER
Campo Fixo de Controle 00831nam a2200253 a 4500
001 - NÚMERO DE CONTROLE
Campo de Controle 437
003 - IDENTIFICAÇÃO DO NÚMERO DE CONTROLE
Campo de Controle BR-CuiBMT
005 - DATA E HORA DA ÚLTIMA ATUALIZAÇÃO
Campo de Controle 20231129052645.0
008 - DADOS FIXOS
Dados Fixos 231106s2013 mgb 000 0 por d
020 ## - INTERNATIONAL STANDARD BOOK NUMBER
Nº do ISBN 9788577006083
040 ## - AGÊNCIA CATALOGADORA
Código da Agência Catalogadora BR-CuiBMT
Agência que transcreveu o registro BR-CuiBMT
080 ## - Nº DA CLASSIFICAÇÃO DECIMAL UNIVERSAL
Nº edição CDU 2007
Nº Class. CDU 349.6:342.1
090 ## - NÚMERO DE CHAMADA
Nº classificação 349.6:342.1
Cutter D541d
100 1# - ENTRADA PRINCIPAL -- AUTOR PESSOAL
Nome pessoal Dias, Edna Cardozo
245 10 - TÍTULO PRINCIPAL
Título principal Direito ambiental no estado democrático de direito /
Indicação de responsabilidade Edna Cardozo Dias ; Toshio Mukai, prefácio.
260 ## - PUBLICAÇÃO, DISTRIBUIÇÃO, ETC.
Local de publicação Belo Horizonte :
Editora Fórum,
Data 2013.
300 ## - DESCRIÇÃO FÍSICA
N. páginas ou volumes 205 p. ;
Dimensões 22 cm
504 ## - NOTA DE BIBLIOGRAFIA, ETC.
Nota de bibliografia Inclui bibliografia.
650 ## - ASSUNTO TÓPICO
Cabeçalho tópico ou nome geográfico Direito ambiental
Subdivisão geográfica Brasil
650 ## - ASSUNTO TÓPICO
Cabeçalho tópico ou nome geográfico Politica Nacional do Meio Ambiente
Subdivisão geográfica Brasil
650 ## - ASSUNTO TÓPICO
Cabeçalho tópico ou nome geográfico Política Nacional de Resíduos Sólidos
Subdivisão geográfica Brasil
650 ## - ASSUNTO TÓPICO
Cabeçalho tópico ou nome geográfico Política Nacional de Recursos Hídricos
Subdivisão geográfica Brasil
942 ## - ELEMENTOS DE ENTRADA ADICIONAIS (KOHA)
Fonte de classificação ou esquema de arquivamento Classificação Decimal Universal
Tipo de item do Koha Livros
Holdings
Estado: removido Estado: perdido Fonte de classificação ou esquema de arquivamento Estado: danificado Indisponível para empréstimo Localização permanente Localização atual Data de aquisição Total Checkouts Número de Chamada completo Código de barras Date last seen Número do exemplar Preço efetivo a partir de Tipo de item (Koha)
    Classificação Decimal Universal     Biblioteca da Escola Superior de Contas do TCE/MT Biblioteca da Escola Superior de Contas do TCE/MT 06/11/2023   349.6:342.1 D541d BIBTCEMT23110173 06/11/2023 Ex. 1 06/11/2023 Livros
    Classificação Decimal Universal     Biblioteca da Escola Superior de Contas do TCE/MT Biblioteca da Escola Superior de Contas do TCE/MT 06/11/2023   349.6:342.1 D541d BIBTCEMT23110174 06/11/2023 Ex. 2 06/11/2023 Livros

Powered by Koha